000 00729nam a2200229Ia 4500
003 OSt
005 20240515140101.0
008 210716s2007 xx 000 0 und d
020 _a8131715493
040 _cAIMIT LIBRARY
041 _aeng
082 _a374.22
_21
_bMOLD
100 _aMolden, David.
_9164660
245 _aManaging with the power of nlp :
_bneurolinguistic programming; a model for better management /
_cBy David Molden.
250 _a1st ed.
260 _aNew Delhi :
_bPearson Education ,
_c2007.
300 _axxviii,268p. ;
_bPB
_c24 cm
650 _aFrom ideas to action
_9164661
650 _aCreating direction
_9164662
650 _aThe power of words
_9164663
942 _2ddc
_cBK
_e1st
_k374.22 MOLD
999 _c202030
_d202030